[Event "7. Copenhagen Open Politiken Cup"]
[Site "Copenhagen"]
[Date "1985.??.??"]
[Round "2"]
[White "Bator, Robert"]
[Black "Reinert, Mads"]
[Result "1/2-1/2"]
[WhiteElo "2380"]
[BlackElo "2260"]
[PlyCount "44"]
[EventDate "1985.??.??"]
[EventType "swiss"]
[EventRounds "10"]
[EventCountry "DEN"]
[SourceDate "2004.01.01"]

1. e4 c5 2. f4 e6 3. Nf3 d5 4. Bb5+ Nc6 5. Nc3 Nf6 6. Qe2 d4 7. Bxc6+ bxc6 8.
Nd1 Qa5 9. Ne5 Ba6 10. Qf3 Bd6 11. Nxc6 Qa4 12. e5 Bb7 13. exf6 gxf6 14. b3 Qa6
15. Nb2 Bxc6 16. Qf2 Rg8 17. Rg1 O-O-O 18. Nc4 Bc7 19. d3 Bd5 20. Bd2 Qc6 21.
g3 h5 22. O-O-O Bxc4 1/2-1/2

[Event "7. Copenhagen Open Politiken Cup"]
[Site "Copenhagen"]
[Date "1985.??.??"]
[Round "2"]
[White "Bator, Zbigniew"]
[Black "Brynell, Stellan"]
[Result "1/2-1/2"]
[WhiteElo "2315"]
[BlackElo "2250"]
[PlyCount "102"]
[EventDate "1985.??.??"]
[EventType "swiss"]
[EventRounds "10"]
[EventCountry "DEN"]
[SourceDate "2004.01.01"]

1. d4 d5 2. Nf3 Nc6 3. c4 Bg4 4. e3 e6 5. Nc3 Bb4 6. Qb3 Bxf3 7. gxf3 Nge7 8.
Bd2 O-O 9. O-O-O Rb8 10. Bd3 dxc4 11. Bxc4 b5 12. Bd3 Rb6 13. Qc2 g6 14. h4
Bxc3 15. Bxc3 Nd5 16. h5 Ncb4 17. Bxb4 Nxb4 18. Qb3 Nxd3+ 19. Rxd3 Qg5 20. hxg6
hxg6 21. Rdd1 Qd5 22. Qxd5 exd5 23. Rdg1 b4 24. Kb1 Rd8 25. Rg5 f5 26. Rc1 Rd7
27. Rc5 Kf7 28. Kc2 Kf6 29. f4 Rh7 30. Kb3 Rh2 31. Rxc7 Rxf2 32. Rg3 a6 33. Rd7
Rc6 34. Rxd5 Rcc2 35. Rd6+ Kf7 36. Rgxg6 Rxb2+ 37. Kc4 Rxa2 38. Rgf6+ Ke7 39.
Rfe6+ Kf7 40. Kxb4 Rfb2+ 41. Kc5 Rb5+ 42. Kc4 Ra4+ 43. Kd3 Ra3+ 44. Ke2 Ra2+
45. Kf3 Rbb2 46. Rf6+ Ke7 47. Rg6 Rh2 48. Rge6+ Kf7 49. Rf6+ Ke7 50. Rfe6+ Kf7
51. Rf6+ Ke7 1/2-1/2

[Event "7. Copenhagen Open Politiken Cup"]
[Site "Copenhagen"]
[Date "1985.??.??"]
[Round "2"]
[White "Bosboom, Manuel"]
[Black "Fridjonsson, Julius"]
[Result "0-1"]
[WhiteElo "2380"]
[BlackElo "2265"]
[PlyCount "66"]
[EventDate "1985.??.??"]
[EventType "swiss"]
[EventRounds "10"]
[EventCountry "DEN"]
[SourceDate "2004.01.01"]

1. e4 c6 2. d4 d5 3. e5 Bf5 4. Bd3 Bxd3 5. Qxd3 e6 6. Nc3 c5 7. Nge2 Nc6 8. O-O
Nge7 9. dxc5 Ng6 10. Qb5 Qc7 11. b4 Be7 12. f4 a5 13. f5 Ngxe5 14. fxe6 fxe6
15. Qa4 Qc8 16. b5 Bxc5+ 17. Kh1 Ne7 18. b6+ Qc6 19. Nb5 Bxb6 20. Ba3 Nc4 21.
Nf4 Nxa3 22. Nxe6 Nxb5 23. Qg4 Nc7 24. Nxg7+ Kd8 25. Qh4 Bc5 26. Rf6 Qb5 27.
Raf1 Ra6 28. Rf7 Kc8 29. a4 Qb4 30. Qh3+ Kb8 31. Qd7 Rc6 32. c3 Qe4 33. R7f4
Qe5 0-1

[Event "7. Copenhagen Open Politiken Cup"]
[Site "Copenhagen"]
[Date "1985.??.??"]
[Round "2"]
[White "Braga, Fernando"]
[Black "Blees, Albert"]
[Result "0-1"]
[WhiteElo "2390"]
[BlackElo "2310"]
[PlyCount "132"]
[EventDate "1985.??.??"]
[EventType "swiss"]
[EventRounds "10"]
[EventCountry "DEN"]
[SourceDate "2004.01.01"]

1. e4 e6 2. d4 d5 3. Nd2 Nf6 4. e5 Nfd7 5. Bd3 c5 6. c3 Nc6 7. Ne2 cxd4 8. cxd4
f6 9. exf6 Nxf6 10. Nf3 Bd6 11. O-O Qc7 12. Bg5 O-O 13. Rc1 Ng4 14. h3 Nh2 15.
Nxh2 Bxh2+ 16. Kh1 Bd6 17. Bb1 Qf7 18. Qd3 g6 19. f4 Qg7 20. Rcd1 Bd7 21. Qe3
Rf7 22. Rf3 Bc7 23. Rg3 Ne7 24. Bxe7 Rxe7 25. Nc1 Bb6 26. Rg5 Rc8 27. Ne2 Rf7
28. Rg3 Qf6 29. Qa3 Bb5 30. Bd3 Bxd3 31. Rgxd3 Rfc7 32. Re3 Kf7 33. Re1 Rc6 34.
f5 gxf5 35. g4 fxg4 36. Kg2 Rg8 37. h4 Kg7 38. Rf1 Qxh4 39. Qd3 Rf8 40. Rxf8
Kxf8 41. Nf4 Qf6 42. Re1 Kg8 43. Rh1 Qf5 44. Qxf5 exf5 45. Nxd5 Rc2+ 46. Kg3
Bc7+ 47. Nxc7 Rxc7 48. Kf4 Rf7 49. d5 Kf8 50. Re1 h5 51. Rh1 Ke7 52. Rxh5 Kd6
53. Rh2 Kxd5 54. Re2 a6 55. Re3 Kd6 56. Rb3 Rg7 57. Rg3 Ke6 58. Re3+ Kf6 59.
Rb3 Re7 60. Rb6+ Re6 61. Rxb7 Re4+ 62. Kg3 Re3+ 63. Kf2 f4 64. Rb8 g3+ 65. Kg2
Re2+ 66. Kf1 Rc2 0-1

[Event "7. Copenhagen Open Politiken Cup"]
[Site "Copenhagen"]
[Date "1985.??.??"]
[Round "2"]
[White "Ernst, Thomas"]
[Black "Srensen, Torben"]
[Result "1-0"]
[WhiteElo "2450"]
[BlackElo "2315"]
[PlyCount "53"]
[EventDate "1985.??.??"]
[EventType "swiss"]
[EventRounds "10"]
[EventCountry "DEN"]
[SourceDate "2004.01.01"]

1. e4 e5 2. Nf3 Nf6 3. Nxe5 d6 4. Nf3 Nxe4 5. d4 d5 6. Bd3 Bd6 7. O-O O-O 8. c4
c6 9. Qc2 Nf6 10. c5 Bc7 11. Bg5 h6 12. Bh4 Re8 13. Nbd2 Bg4 14. h3 Bxf3 15.
Nxf3 Nbd7 16. Bf5 Qb8 17. Rfe1 Ba5 18. Rxe8+ Qxe8 19. b4 Bd8 20. Re1 Qf8 21.
Bg3 g6 22. Bd6 Qg7 23. Bxd7 Nxd7 24. Re8+ Kh7 25. Ne5 Nxe5 26. dxe5 h5 27. Rf8
1-0

[Event "7. Copenhagen Open Politiken Cup"]
[Site "Copenhagen"]
[Date "1985.??.??"]
[Round "2"]
[White "Fedder, Steen"]
[Black "Vogel, Jaap"]
[Result "1/2-1/2"]
[WhiteElo "2410"]
[BlackElo "2280"]
[PlyCount "42"]
[EventDate "1985.??.??"]
[EventType "swiss"]
[EventRounds "10"]
[EventCountry "DEN"]
[SourceDate "2004.01.01"]

1. d4 e6 2. c4 Nf6 3. Nf3 b6 4. Nc3 Bb4 5. Qb3 a5 6. a3 a4 7. Qc2 Bxc3+ 8. Qxc3
Bb7 9. e3 O-O 10. Be2 d6 11. O-O Nbd7 12. b4 axb3 13. Qxb3 Ra7 14. Nd2 Qa8 15.
f3 e5 16. Nb1 Re8 17. Nc3 Bc6 18. Ra2 Ba4 19. Qb1 h6 20. Bd1 Bxd1 21. Rxd1 Qc6
1/2-1/2

[Event "7. Copenhagen Open Politiken Cup"]
[Site "Copenhagen"]
[Date "1985.??.??"]
[Round "2"]
[White "Fette, Martin"]
[Black "Nilsson, Nils Specht"]
[Result "1-0"]
[WhiteElo "2290"]
[BlackElo "2200"]
[PlyCount "81"]
[EventDate "1985.??.??"]
[EventType "swiss"]
[EventRounds "10"]
[EventCountry "DEN"]
[SourceDate "2004.01.01"]

1. e4 c5 2. Nf3 d6 3. Bb5+ Nd7 4. d4 cxd4 5. Qxd4 Ngf6 6. Nc3 g6 7. Bg5 Bg7 8.
O-O-O O-O 9. e5 dxe5 10. Nxe5 Qc7 11. Nc4 Ne8 12. Qe3 Ndf6 13. Bf4 Ng4 14. Bxc7
Nxe3 15. Nxe3 Nxc7 16. Ned5 Nxd5 17. Nxd5 e6 18. Ne7+ Kh8 19. Nxc8 Raxc8 20.
Rd7 a6 21. Be2 b5 22. Rhd1 Be5 23. Ra7 Ra8 24. Rdd7 Kg8 25. g3 Rxa7 26. Rxa7
Bd4 27. Rxa6 Bxf2 28. Bxb5 Rd8 29. b4 Be3+ 30. Kb2 Rd2 31. Bc6 Rxh2 32. Ra8+
Kg7 33. Rd8 Rh3 34. a4 Rxg3 35. a5 Bf4 36. a6 Be5+ 37. Ka2 Rg1 38. b5 Rc1 39.
Kb3 Rb1+ 40. Kc4 Ra1 41. Rd7 1-0

[Event "7. Copenhagen Open Politiken Cup"]
[Site "Copenhagen"]
[Date "1985.??.??"]
[Round "2"]
[White "Hansen, Curt"]
[Black "Hector, Jonny"]
[Result "1-0"]
[WhiteElo "2505"]
[BlackElo "2295"]
[PlyCount "121"]
[EventDate "1985.??.??"]
[EventType "swiss"]
[EventRounds "10"]
[EventCountry "DEN"]
[SourceDate "2004.01.01"]

1. d4 d5 2. c4 e6 3. Nc3 c5 4. cxd5 cxd4 5. Qa4+ Bd7 6. Qxd4 exd5 7. Qxd5 Nc6
8. Nf3 Nf6 9. Qd1 Bc5 10. e3 Qe7 11. Be2 O-O-O 12. O-O g5 13. Nb5 Rhg8 14. Re1
g4 15. Nfd4 Ne4 16. Bf1 a6 17. Nxc6 Bxc6 18. Nd4 Bd6 19. g3 Bb4 20. Nxc6 bxc6
21. Bxa6+ Kc7 22. Qe2 Ng5 23. e4 Nf3+ 24. Kf1 Bxe1 25. Bf4+ Kd7 26. Rxe1 Nxe1
27. Qxe1 Ke8 28. e5 Qd7 29. Qc3 Qd1+ 30. Kg2 Qd5+ 31. Kg1 Qf3 32. Qxf3 gxf3 33.
h4 Rd1+ 34. Kh2 Ke7 35. Bc4 h5 36. a4 Rb8 37. b3 Rb7 38. a5 Ra1 39. a6 Rd7 40.
g4 hxg4 41. Be3 Ra5 42. Bb6 Ra1 43. Kg3 Rg1+ 44. Kf4 Rd2 45. a7 Ra1 46. Bc5+
Ke8 47. h5 Rda2 48. h6 g3 49. Kxg3 Rg1+ 50. Kf4 Raa1 51. b4 Rg8 52. Bd4 Ra4 53.
e6 fxe6 54. h7 Rf8+ 55. Ke4 Kf7 56. h8=R Rxh8 57. Bxh8 Rxa7 58. Bd4 Ra4 59. Bc5
Kf6 60. Bb3 Ra8 61. Bd4+ 1-0

[Event "7. Copenhagen Open Politiken Cup"]
[Site "Copenhagen"]
[Date "1985.??.??"]
[Round "2"]
[White "Hartman, Christer"]
[Black "Nielsen, Jorgen G"]
[Result "0-1"]
[WhiteElo "2295"]
[BlackElo "2240"]
[PlyCount "70"]
[EventDate "1985.??.??"]
[EventType "swiss"]
[EventRounds "10"]
[EventCountry "DEN"]
[SourceDate "2004.01.01"]

1. e4 e5 2. Nf3 d6 3. d4 exd4 4. Qxd4 Nf6 5. Nc3 Be7 6. Bg5 h6 7. Bf4 O-O 8.
O-O-O Re8 9. Bc4 Nc6 10. Qd2 Bf8 11. Rhe1 Be6 12. Qe2 Qc8 13. h3 a6 14. Bxe6
Qxe6 15. g4 b5 16. a3 b4 17. axb4 Nxb4 18. Kb1 Rab8 19. Nd4 Qc8 20. g5 Nfd5 21.
Nxd5 Nxd5 22. Qd2 Qb7 23. b3 Nxf4 24. Qxf4 hxg5 25. Qxg5 Rxe4 26. Nf5 Rxe1 27.
Rxe1 Qf3 28. Re3 Qxf2 29. Re7 Rb5 30. Re8 Rxf5 31. Rxf8+ Kh7 32. Qe7 Qg1+ 33.
Kb2 Qd4+ 34. c3 Rf2+ 35. Ka3 Qc5+ 0-1

[Event "7. Copenhagen Open Politiken Cup"]
[Site "Copenhagen"]
[Date "1985.??.??"]
[Round "2"]
[White "Hebden, Mark"]
[Black "Gausel, Einar"]
[Result "1/2-1/2"]
[WhiteElo "2480"]
[BlackElo "2335"]
[PlyCount "82"]
[EventDate "1985.??.??"]
[EventType "swiss"]
[EventRounds "10"]
[EventCountry "DEN"]
[SourceDate "2004.01.01"]

1. e4 c6 2. d4 d5 3. exd5 cxd5 4. c4 Nf6 5. Nc3 Nc6 6. Bg5 Qa5 7. Bd2 dxc4 8.
Bxc4 e6 9. Nf3 Qd8 10. O-O Be7 11. Bg5 O-O 12. a3 a6 13. Ba2 b5 14. Qd3 Bb7 15.
Rad1 Qa5 16. Bb1 g6 17. Ne5 Rad8 18. Qh3 b4 19. axb4 Qxb4 20. Nxc6 Bxc6 21. Qh4
Kg7 22. Bh6+ Kg8 23. Bxf8 Rxf8 24. Qf4 Qxb2 25. Qc7 Qb7 26. Qxb7 Bxb7 27. Na4
a5 28. Rc1 Bd5 29. Bd3 Bb4 30. Nb6 Rd8 31. Rfd1 Bb3 32. Bc2 Bxc2 33. Rxc2 Nd5
34. Na4 h5 35. Kf1 Ne7 36. Nb6 Nd5 37. Na4 Ne7 38. Ke2 Nf5 39. Rc4 Nd6 40. Rc6
Nf5 41. Rc4 Nd6 1/2-1/2

[Event "7. Copenhagen Open Politiken Cup"]
[Site "Copenhagen"]
[Date "1985.??.??"]
[Round "2"]
[White "Heyken, Enno"]
[Black "Plachetka, Jan"]
[Result "1/2-1/2"]
[WhiteElo "2350"]
[BlackElo "2440"]
[PlyCount "66"]
[EventDate "1985.??.??"]
[EventType "swiss"]
[EventRounds "10"]
[EventCountry "DEN"]
[SourceDate "2004.01.01"]

1. e4 c5 2. Nf3 e6 3. d4 cxd4 4. Nxd4 a6 5. Bd3 Nf6 6. O-O d6 7. Be3 Be7 8. Kh1
O-O 9. Nd2 b6 10. c4 Bb7 11. f3 Nbd7 12. Re1 Re8 13. Bf2 Bf8 14. Bf1 Qc7 15.
Rc1 Rac8 16. a3 Qb8 17. b4 g6 18. Rc2 Bg7 19. N2b3 Ne5 20. Qc1 Re7 21. a4 Rec7
22. a5 bxa5 23. Nxa5 Bf8 24. Qd2 Rd8 25. b5 axb5 26. cxb5 Rxc2 27. Qxc2 Rc8 28.
Nac6 Nxc6 29. Nxc6 Bxc6 30. bxc6 Qc7 31. Bb5 d5 32. e5 Nd7 33. f4 Nb6 1/2-1/2

[Event "7. Copenhagen Open Politiken Cup"]
[Site "Copenhagen"]
[Date "1985.??.??"]
[Round "2"]
[White "Hodgson, Julian M"]
[Black "Iskov, Gert"]
[Result "1-0"]
[WhiteElo "2455"]
[BlackElo "2325"]
[PlyCount "81"]
[EventDate "1985.??.??"]
[EventType "swiss"]
[EventRounds "10"]
[EventCountry "DEN"]
[SourceDate "2004.01.01"]

1. e4 e6 2. d4 d5 3. e5 b6 4. Nf3 Qd7 5. c4 Bb7 6. Nc3 Bb4 7. a3 Bxc3+ 8. bxc3
Ne7 9. a4 O-O 10. Ba3 Re8 11. c5 Ba6 12. Bxa6 Nxa6 13. Qd3 Nb8 14. Ng5 Ng6 15.
h4 h6 16. h5 Nf8 17. cxb6 axb6 18. Bxf8 Kxf8 19. Nh7+ Kg8 20. Rh3 Rxa4 21. Rd1
Qd8 22. Rg3 Nd7 23. Qb5 Ra8 24. Qxd7 Qxd7 25. Nf6+ Kh8 26. Nxd7 Red8 27. Nf6
gxf6 28. exf6 Rg8 29. Rdd3 Ra1+ 30. Ke2 Rh1 31. Rxg8+ Kxg8 32. g4 Kf8 33. Rd1
Rh3 34. Ra1 Ke8 35. Ra8+ Kd7 36. Rf8 Rxc3 37. Rxf7+ Ke8 38. Rg7 Rc2+ 39. Kf3
Rc3+ 40. Kg2 b5 41. g5 1-0

[Event "7. Copenhagen Open Politiken Cup"]
[Site "Copenhagen"]
[Date "1985.??.??"]
[Round "2"]
[White "Hoi, Carsten"]
[Black "Jacobsen, Bo"]
[Result "1-0"]
[WhiteElo "2380"]
[BlackElo "2280"]
[PlyCount "51"]
[EventDate "1985.??.??"]
[EventType "swiss"]
[EventRounds "10"]
[EventCountry "DEN"]
[SourceDate "2004.01.01"]

1. d4 Nf6 2. c4 g6 3. Nc3 Bg7 4. e4 O-O 5. Be3 d6 6. f3 e5 7. Nge2 c6 8. Qd2
Nbd7 9. O-O-O a6 10. g4 b5 11. h4 Qa5 12. a3 Rb8 13. h5 b4 14. Nb1 exd4 15.
Nxd4 Nc5 16. h6 Bh8 17. Nxc6 Nb3+ 18. Kc2 Qc7 19. Kxb3 Qxc6 20. axb4 Be6 21.
Na3 a5 22. b5 Nxe4 23. fxe4 Qxe4 24. Be2 Rfc8 25. Bd4 d5 26. Bxh8 1-0

[Event "7. Copenhagen Open Politiken Cup"]
[Site "Copenhagen"]
[Date "1985.??.??"]
[Round "2"]
[White "Huenerkopf, Heinz"]
[Black "From, Sigfred"]
[Result "0-1"]
[WhiteElo "2305"]
[BlackElo "2245"]
[PlyCount "86"]
[EventDate "1985.??.??"]
[EventType "swiss"]
[EventRounds "10"]
[EventCountry "DEN"]
[SourceDate "2004.01.01"]

1. e4 g6 2. d4 Bg7 3. Nc3 d6 4. f4 Nf6 5. Nf3 Bg4 6. h3 Bxf3 7. Qxf3 Nc6 8. Be3
Nd7 9. O-O-O e5 10. dxe5 dxe5 11. f5 Nd4 12. Qf2 c6 13. Ne2 Qa5 14. Kb1 O-O-O
15. Nxd4 exd4 16. Bxd4 Bxd4 17. Rxd4 Ne5 18. Be2 Rxd4 19. Qxd4 Rd8 20. Qe3 Rd2
21. fxg6 hxg6 22. c3 Qd8 23. Kc1 Rd6 24. h4 b6 25. g4 f6 26. g5 fxg5 27. hxg5
Kb7 28. Rh7+ Rd7 29. Rh1 a5 30. Rf1 Rh7 31. Rd1 Qg8 32. Kb1 Qe6 33. Bf1 Rh2 34.
Qg3 Rh7 35. Qg2 Rh4 36. Qe2 b5 37. a4 Nc4 38. axb5 cxb5 39. Qe1 Rh1 40. e5 Qf5+
41. Ka1 Qc2 42. Qe2 Qa4+ 43. Kb1 Qxd1+ 0-1

[Event "7. Copenhagen Open Politiken Cup"]
[Site "Copenhagen"]
[Date "1985.??.??"]
[Round "2"]
[White "Jacoby, Gisbert"]
[Black "Andersson, Tor"]
[Result "1-0"]
[WhiteElo "2305"]
[BlackElo "2245"]
[PlyCount "79"]
[EventDate "1985.??.??"]
[EventType "swiss"]
[EventRounds "10"]
[EventCountry "DEN"]
[SourceDate "2004.01.01"]

1. e4 c5 2. Nf3 e6 3. d4 cxd4 4. Nxd4 Nf6 5. Nc3 d6 6. g4 Nc6 7. g5 Nd7 8. Be3
Be7 9. Rg1 Nb6 10. Qd2 O-O 11. O-O-O d5 12. exd5 Nxd5 13. Nxd5 Qxd5 14. c4 Qd7
15. Nxc6 Qxc6 16. Qc3 Qa4 17. Bd3 b5 18. Qc2 Qxc2+ 19. Kxc2 bxc4 20. Bxc4 Bb7
21. Rd7 Be4+ 22. Kc3 Rfe8 23. Rxa7 Rac8 24. b3 Bd6 25. h4 Be5+ 26. Bd4 Bb8 27.
Ra5 Red8 28. Re1 Bg6 29. Re2 Rd7 30. Be5 Rd3+ 31. Kb4 Rh3 32. Bxb8 Rxb8+ 33.
Rb5 Ra8 34. Rxe6 fxe6 35. Bxe6+ Kf8 36. Bxh3 Rxa2 37. Bf5 Rxf2 38. Bxg6 hxg6
39. Rc5 Ke7 40. Rc7+ 1-0

[Event "7. Copenhagen Open Politiken Cup"]
[Site "Copenhagen"]
[Date "1985.??.??"]
[Round "2"]
[White "Kamaras, Peter"]
[Black "Sorensen, Henrik"]
[Result "1/2-1/2"]
[WhiteElo "2330"]
[BlackElo "2235"]
[PlyCount "28"]
[EventDate "1985.??.??"]
[EventType "swiss"]
[EventRounds "10"]
[EventCountry "DEN"]
[SourceDate "2004.01.01"]

1. Nf3 Nf6 2. g3 d6 3. d4 Nbd7 4. Bg2 e5 5. c4 Be7 6. O-O O-O 7. Nc3 c6 8. b3
Re8 9. Qc2 Bf8 10. Rd1 a6 11. dxe5 dxe5 12. Bb2 Qc7 13. Rac1 a5 14. e4 Nc5
1/2-1/2

[Event "7. Copenhagen Open Politiken Cup"]
[Site "Copenhagen"]
[Date "1985.??.??"]
[Round "2"]
[White "Karolyi, Tibor Jr"]
[Black "Gibbons, Bart F"]
[Result "1-0"]
[WhiteElo "2445"]
[BlackElo "2260"]
[PlyCount "63"]
[EventDate "1985.??.??"]
[EventType "swiss"]
[EventRounds "10"]
[EventCountry "DEN"]
[SourceDate "2004.01.01"]

1. d4 d5 2. c4 Nc6 3. e3 e5 4. Nf3 exd4 5. Nxd4 Nf6 6. Nxc6 bxc6 7. Nc3 Bd6 8.
Be2 O-O 9. O-O Bb7 10. b3 Qe7 11. Bb2 Rfd8 12. Qc2 dxc4 13. Bxc4 Qe5 14. g3 Qh5
15. Ne4 Ng4 16. h4 Be7 17. Qc3 Bf6 18. Nxf6+ Nxf6 19. Qb4 Rab8 20. Bxf6 gxf6
21. Qe7 Qf3 22. Bxf7+ Kh8 23. e4 c5 24. Rae1 Rg8 25. Bxg8 Rxg8 26. Kh2 Rg7 27.
Qxc5 Bxe4 28. Rxe4 Qxe4 29. Qf8+ Rg8 30. Qxf6+ Rg7 31. Rd1 h5 32. Qh6+ 1-0

[Event "7. Copenhagen Open Politiken Cup"]
[Site "Copenhagen"]
[Date "1985.??.??"]
[Round "2"]
[White "Mokry, Karel"]
[Black "Berg, Klaus"]
[Result "1/2-1/2"]
[WhiteElo "2490"]
[BlackElo "2340"]
[PlyCount "39"]
[EventDate "1985.??.??"]
[EventType "swiss"]
[EventRounds "10"]
[EventCountry "DEN"]
[SourceDate "2004.01.01"]

1. e4 c6 2. d4 d5 3. e5 Bf5 4. h4 h5 5. c4 e6 6. Nc3 Ne7 7. Bg5 dxc4 8. Bxc4
Nd7 9. Nge2 f6 10. exf6 gxf6 11. Be3 Nb6 12. Bb3 Ned5 13. Ng3 Nxe3 14. fxe3 Bg4
15. Qd3 Qe7 16. Qg6+ Qf7 17. Qxf7+ Kxf7 18. O-O Bh6 19. Rae1 Nd5 20. Nxd5
1/2-1/2

[Event "7. Copenhagen Open Politiken Cup"]
[Site "Copenhagen"]
[Date "1985.??.??"]
[Round "2"]
[White "Norgaard, Jesper"]
[Black "Hartung Nielsen, Jens"]
[Result "1-0"]
[WhiteElo "2325"]
[BlackElo "2245"]
[PlyCount "63"]
[EventDate "1985.??.??"]
[EventType "swiss"]
[EventRounds "10"]
[EventCountry "DEN"]
[SourceDate "2004.01.01"]

1. e4 c5 2. Nf3 d6 3. d4 cxd4 4. Nxd4 Nf6 5. Nc3 g6 6. Be2 Bg7 7. O-O Nc6 8.
Nb3 O-O 9. Bg5 a5 10. a4 Be6 11. Kh1 Nb4 12. Nd4 Rc8 13. Nxe6 fxe6 14. f4 d5
15. e5 d4 16. Nb5 Ne4 17. Bh4 Nxc2 18. Bg4 Rf5 19. Qd3 Nxa1 20. Qxe4 Nb3 21.
Bxf5 gxf5 22. Qxb7 Nc5 23. Qa7 d3 24. Bxe7 Qd5 25. Bxc5 Qxc5 26. Qd7 Qc1 27.
Qxd3 Qxb2 28. Nc7 Qb6 29. Rc1 Kh8 30. Qd7 Qa6 31. h3 Qb7 32. Qxe6 1-0

[Event "7. Copenhagen Open Politiken Cup"]
[Site "Copenhagen"]
[Date "1985.??.??"]
[Round "2"]
[White "Pliester, Leon"]
[Black "Rasmussen, Karsten"]
[Result "0-1"]
[WhiteElo "2370"]
[BlackElo "2295"]
[PlyCount "74"]
[EventDate "1985.??.??"]
[EventType "swiss"]
[EventRounds "10"]
[EventCountry "DEN"]
[SourceDate "2004.01.01"]

1. e4 c6 2. d3 d5 3. Nd2 e5 4. g3 Nf6 5. Bg2 Bd6 6. Ngf3 O-O 7. O-O Re8 8. b3
Nbd7 9. Bb2 a5 10. a3 Qc7 11. Re1 dxe4 12. Nxe4 Nxe4 13. dxe4 Nf6 14. Nd2 Be6
15. Qe2 Bc5 16. h3 Rad8 17. Nc4 Bd4 18. c3 Ba7 19. Rad1 b5 20. Nd2 Nd7 21. b4
Nb6 22. Kh2 Rd7 23. bxa5 Na4 24. Ba1 Qxa5 25. c4 Red8 26. Nb3 Qc7 27. Rxd7 Qxd7
28. Bxe5 Bxc4 29. Qf3 Qe6 30. Rd1 Re8 31. Nd2 Qxe5 32. Nxc4 bxc4 33. Rd7 Rf8
34. Rxa7 Nb2 35. Qe3 c3 36. f4 Qb8 37. e5 c2 0-1

[Event "7. Copenhagen Open Politiken Cup"]
[Site "Copenhagen"]
[Date "1985.??.??"]
[Round "2"]
[White "Steczkowski, Kazimierz"]
[Black "Schandorff, Lars"]
[Result "0-1"]
[WhiteElo "2390"]
[BlackElo "2275"]
[PlyCount "62"]
[EventDate "1985.??.??"]
[EventType "swiss"]
[EventRounds "10"]
[EventCountry "DEN"]
[SourceDate "2004.01.01"]

1. Nf3 Nf6 2. c4 c5 3. g3 b6 4. Bg2 Bb7 5. O-O e6 6. Nc3 d6 7. d4 cxd4 8. Qxd4
a6 9. b3 Nbd7 10. Ba3 Nc5 11. Ng5 Bxg2 12. Kxg2 Qc7 13. Nge4 Qc6 14. f3 Be7 15.
Rad1 O-O 16. Bb2 Rfd8 17. Nxc5 bxc5 18. Qd3 d5 19. e3 d4 20. exd4 cxd4 21. Ne2
e5 22. h3 h5 23. Nc1 h4 24. g4 Qc7 25. Rfe1 Re8 26. Re2 g6 27. a3 Bf8 28. Rde1
a5 29. f4 exf4 30. Qxd4 f3+ 31. Kxf3 Qg3# 0-1

[Event "7. Copenhagen Open Politiken Cup"]
[Site "Copenhagen"]
[Date "1985.??.??"]
[Round "2"]
[White "Stein, Bernd"]
[Black "Pavlovic, Milos"]
[Result "1-0"]
[WhiteElo "2380"]
[BlackElo "2305"]
[PlyCount "78"]
[EventDate "1985.??.??"]
[EventType "swiss"]
[EventRounds "10"]
[EventCountry "DEN"]
[SourceDate "2004.01.01"]

1. b3 b6 2. Bb2 Bb7 3. c4 Nf6 4. Nf3 e6 5. e3 c5 6. Be2 Be7 7. O-O O-O 8. a3
Nc6 9. d3 Rc8 10. Nbd2 Re8 11. Re1 Qc7 12. Bf1 d6 13. b4 Ne5 14. d4 Nxf3+ 15.
Nxf3 d5 16. cxd5 Bxd5 17. b5 Qb7 18. Ne5 Red8 19. f3 Qb8 20. Qa4 cxd4 21. exd4
Bd6 22. Rac1 Rxc1 23. Rxc1 Nd7 24. f4 Nf8 25. Qc2 Ng6 26. Nc6 Bxc6 27. bxc6 Qc7
28. g3 Ne7 29. Bg2 b5 30. Kh1 a5 31. Be4 h6 32. f5 exf5 33. Bxf5 b4 34. axb4
Bxb4 35. Bh7+ Kh8 36. Be4 Rd6 37. Qc4 f5 38. Bg2 Ng6 39. d5 Rd8 {time} 1-0

[Event "7. Copenhagen Open Politiken Cup"]
[Site "Copenhagen"]
[Date "1985.??.??"]
[Round "2"]
[White "Van Mil, Johan"]
[Black "Andreasen, Per Naesby"]
[Result "1/2-1/2"]
[WhiteElo "2345"]
[BlackElo "2260"]
[PlyCount "77"]
[EventDate "1985.??.??"]
[EventType "swiss"]
[EventRounds "10"]
[EventCountry "DEN"]
[SourceDate "2004.01.01"]

1. e4 c6 2. d4 d5 3. Nd2 Qb6 4. c3 dxe4 5. Nxe4 Bf5 6. Bd3 e6 7. Qe2 Bxe4 8.
Bxe4 Nf6 9. Bc2 Nbd7 10. Nf3 Be7 11. O-O O-O 12. c4 c5 13. dxc5 Bxc5 14. b3 e5
15. Bb2 e4 16. Ne5 Nxe5 17. Bxe5 Rae8 18. Bxf6 Qxf6 19. Bxe4 Qd4 20. Rae1 Bb4
21. Qe3 Qxe3 22. Rxe3 Bc5 23. Re2 Re7 24. Bf3 Rxe2 25. Bxe2 Rd8 26. Rd1 Rxd1+
27. Bxd1 b6 28. Kf1 Kf8 29. f4 f5 30. Ke2 Ke7 31. Kf3 Kf6 32. h3 h5 33. Ke2 h4
34. Kd3 a5 35. Bf3 Ke7 36. Bb7 Kd7 37. Bd5 Ke7 38. Bg8 Kf6 39. Bd5 1/2-1/2

[Event "7. Copenhagen Open Politiken Cup"]
[Site "Copenhagen"]
[Date "1985.??.??"]
[Round "2"]
[White "Welin, Thomas"]
[Black "Clausen, Steen"]
[Result "1/2-1/2"]
[WhiteElo "2395"]
[BlackElo "2285"]
[PlyCount "82"]
[EventDate "1985.??.??"]
[EventType "swiss"]
[EventRounds "10"]
[EventCountry "DEN"]
[SourceDate "2004.01.01"]

1. Nf3 g6 2. c4 Bg7 3. d4 c5 4. e4 cxd4 5. Nxd4 Nc6 6. Be3 Nf6 7. Nc3 d6 8. Be2
O-O 9. O-O a6 10. Rc1 Bd7 11. Nb3 Ne5 12. Nd5 Nxd5 13. cxd5 Ba4 14. Qd2 Bxb3
15. axb3 f5 16. f4 Nd7 17. Bf3 Nc5 18. Bxc5 dxc5 19. e5 Qb6 20. Qe3 Rac8 21.
Rc4 g5 22. g3 gxf4 23. gxf4 Kh8 24. Bg2 Rg8 25. b4 Bh6 26. Rf2 Qb5 27. Qc1 b6
28. bxc5 Rxc5 29. Rxc5 bxc5 30. Qc2 Qb4 31. Qxf5 Rf8 32. Qh3 Bxf4 33. Kh1 Qe1+
34. Rf1 Qxe5 35. Qh4 Rf6 36. Re1 Qd6 37. Qh3 Rh6 38. Qc8+ Kg7 39. h3 Rg6 40.
Rf1 Rf6 41. Qg4+ Kh8 1/2-1/2

[Event "7. Copenhagen Open Politiken Cup"]
[Site "Copenhagen"]
[Date "1985.??.??"]
[Round "2"]
[White "Westerinen, Heikki"]
[Black "Bjerring, Kai"]
[Result "1/2-1/2"]
[WhiteElo "2420"]
[BlackElo "2315"]
[PlyCount "90"]
[EventDate "1985.??.??"]
[EventType "swiss"]
[EventRounds "10"]
[EventCountry "DEN"]
[SourceDate "2004.01.01"]

1. e4 e6 2. d4 d5 3. Nc3 dxe4 4. Nxe4 Be7 5. Nf3 Nf6 6. Bd3 Bd7 7. Ne5 Nc6 8.
c3 Nxe4 9. Bxe4 O-O 10. Nxd7 Qxd7 11. O-O Bd6 12. Re1 Rae8 13. f4 Nd8 14. Be3
c6 15. b4 Re7 16. a4 a6 17. Qd3 g6 18. Reb1 f5 19. Bf3 Qc7 20. g3 g5 21. Qd2
gxf4 22. Bxf4 Bxf4 23. gxf4 Nf7 24. Kh1 Nd6 25. Rg1+ Kh8 26. Qe2 Ne4 27. Bxe4
fxe4 28. Raf1 Ref7 29. Qxe4 Rxf4 30. Rxf4 Qxf4 31. Qxf4 Rxf4 32. Rg3 Rf5 33.
Re3 Rf6 34. Kg2 Kg7 35. Re5 Kf7 36. b5 cxb5 37. Rc5 Ke8 38. axb5 Rf5 39. Rc8+
Kd7 40. Rh8 Rxb5 41. Rxh7+ Kd6 42. Kf3 Rb3 43. Ke4 Rxc3 44. Rxb7 Rh3 45. Rb6+
Ke7 1/2-1/2